Quarterly national accounts number 4

Na minha lista:
Detalhes bibliográficos
Formato: Livro
Idioma:inglês
Publicado em: Paris OECD 1998
Assuntos:
Tags: Adicionar Tag
Sem tags, seja o primeiro a adicionar uma tag!

MARC

LEADER 00000nam a2200000 4500
001 c120009
005 20240104114726.6
020 |a 92-64-05715-3 
022 |a 0304-3738 
041 0 |a eng 
044 |a FR 
245 1 0 |a Quarterly national accounts  |b number 4 
264 1 |a Paris  |b OECD  |c 1998 
300 |a 281 s. 
610 2 0 |a účty národné 
610 2 0 |a ukazovatele štatistické 
610 2 0 |a OECD